Catálogo público

El Libro del Ajustador Mecanico. (Record no. 172109)

MARC details
000 -CABECERA
campo de control de longitud fija 00624nam a2200241Ia 4500
001 - NÚMERO DE CONTROL
campo de control dia_1565
003 - IDENTIFICADOR DEL NÚMERO DE CONTROL
campo de control CHAP
005 - FECHA Y HORA DE LA ÚLTIMA TRANSACCIÓN
campo de control 20230627130542.0
008 - DATOS DE LONGITUD FIJA--INFORMACIÓN GENERAL
campo de control de longitud fija 220117s1959 xx 000 0 und d
010 ## - NÚMERO DE CONTROL DE LA BIBLIOTECA DEL CONGRESO
Número de control de LC 172109
040 ## - FUENTE DE LA CATALOGACIÓN
Centro/agencia transcriptor CHAP
082 ## - NÚMERO DE LA CLASIFICACIÓN DECIMAL DEWEY
Número de clasificación 621.816 K4
100 ## - ENTRADA PRINCIPAL--NOMBRE DE PERSONA
Nombre de persona Kennedy, Ralph J.
9 (RLIN) 151030
245 ## - MENCIÓN DE TÍTULO
Título El Libro del Ajustador Mecanico.
260 ## - PUBLICACIÓN, DISTRIBUCIÓN, ETC.
Lugar de publicación, distribución, etc. Barcelona, Sintes.
Fecha de publicación, distribución, etc. 1959
300 ## - DESCRIPCIÓN FÍSICA
Extensión 514 p.
600 ## - PUNTO DE ACCESO ADICIONAL DE MATERIA--NOMBRE DE PERSONA
Nombre de persona i.t.
9 (RLIN) 151031
650 ## - PUNTO DE ACCESO ADICIONAL DE MATERIA--TÉRMINO DE MATERIA
Término de materia o nombre geográfico como elemento de entrada Maquinaria
Subdivisión general ajustes.
9 (RLIN) 151032
901 ## - ELEMENTOS DE DATOS A LOCAL LDA (RLIN)
a 621.816 K4
902 ## - ELEMENTOS DE DATOS B LOCAL, LDB (RLIN)
a M
905 ## - ELEMENTOS DE DATOS E LOCAL, LDE (RLIN)
a 0000001959 ESP 0000000000ESP00
942 ## - ELEMENTOS DE PUNTO DE ACCESO ADICIONAL (KOHA)
Tipo de ítem Koha Libro
Fuente del sistema de clasificación o colocación Dewey Decimal Classification
Holdings
Estado de retiro Estado de pérdida Fuente del sistema de clasificación o colocación Estado dañado No para préstamo Código de colección Localización permanente Ubicación/localización actual Fecha de adquisición Información codificada de la localización en otra ubicación Total de préstamos Signatura topográfica completa Código de barras Fecha visto por última vez Número de copia Precio válido a partir de Tipo de ítem Koha
    Dewey Decimal Classification     General Ingenieria Agroindustrial Ingenieria Agroindustrial 18/01/2022 1   621.816 K4 dia_2400 18/01/2022 1 18/01/2022 Libro